000 01787 am a2200493 a 4500
005 20120417102253.0
008 100511s1992||||ag a f |||| 000 0 spa d
020 _a9509018686
041 _aspa
092 _c616.5
_l77
_sSAN
100 1 _aSánchez, César Federico.
_9216
245 _aCelulitis : Su tratamiento médico y cosmetológico /
_cCésar Federico Sánchez.
250 _a3a ed.
260 _aBuenos Aires :
_bCelcius,
_c1992.
300 _a230 p.
_bil.
590 _aDonación Cecilia Fontana, 2007
653 _aDefinición. Etiología
653 _aHistología del tejido conectivo
653 _aHistoquímica
653 _aPatogenia
653 _aClasificación de la celulitis
653 _aExamen semiológico
653 _aTratamiento de orden general
653 _aTratamiento específico de la celulitis
653 _aTratamiento medicamentoso
653 _aTratamiento físico-mecánico
653 _aRadiaciones electromagnéticas
653 _aNociones esenciales de la electricidad
653 _aRayos infrarrojos y ultravioletas
653 _aTratamiento por corriente galvánica
653 _aTratamiento por corriente farádica
653 _aTratamiento por alta frecuencia
653 _aTratamiento por ultrasonido
653 _aTratamiento por rayo láser
653 _aTratamiento quirúrgico
653 _aAlimentación ideal
653 _aGimnasia y fisiatría
653 _aEsquema referencial para el tratamiento de la celulitis
700 _aTropper de Ferrari, Ursula
_eColaboradoras
_9217
700 _aGuili, Mirta Cristina de
_eColaboradoras
_9218
930 _a1809
942 _2ddc
_cBK
952 _aBFM
_bBFM
_70
_p1809
_cCR
_40
_00
_yBK
_10
_o616.5 77 SAN
_d2011-05-13
_tej.1
999 _c301
_d301